[Event "Stay Safe Play From Home 349"]
[Site "Emanuel Lasker Arena"]
[Date "2020.08.02"]
[Round "5"]
[White "SoulofWolf"]
[Black "Padmaesh M K"]
[Result "1-0"]
[WhiteElo "2040"]
[BlackElo "1889"]
[Annotator "TA"]
[PlyCount "117"]
[EventDate "2020.08.02"]
[EventType "swiss (blitz)"]

{[%evp 9,117,26,37,29,41,2,8,18,56,-11,-17,-48,5,12,106,0,39,15,47,-32,43,-13,159,4,77,51,9,-31,36,-18,-14,-24,-20,-341,-322,-334,-330,-723,-725,-759,-759,-757,-741,-832,-831,-951,-941,-1004,-757,-958,-950,-912,-631,-908,-632,-1776,-1196,-1241,-832,-1311,-1044,-1147,-1100,-1239,-718,-1160,-1131,-1342,-1304,-1293,-1266,-8323,-8323,-6143,-4990,-2127,-2322,-1962,-1456,-5489,-5461,-29966,-10064,-2245,0,-1619,-1393,-29968,-1313,-4810,-1345,-1758,-1275,-29980,-29981,-29981,-29982,-29980,-1289,-29981,-29982,-29982,-1193,-1099,-1064,-2008,-1954,-1421,-1054,-1029]} 1. Nf3 d5 2. c4 dxc4 3. e3 c6 4. Bxc4 Nf6 {[#]} 5. a4 $146 ({Predecessor:} 5. O-O e6 6. d4 Be7 7. Nc3 b5 8. Be2 Bb7 9. a4 b4 10. Nb1 Nbd7 11. a5 {0-1 (44) Zochowski,K (2269)-Wisniewski,M (2122) Wroclaw 2018}) 5... e6 6. O-O {A09: Réti Opening: 1 Nf3 d5 2 c4.} Bd6 7. Na3 O-O 8. d4 {The position is equal.} Qc7 9. Nc2 (9. Bd3 $14) 9... Nbd7 $11 10. b4 Ne4 (10... e5 $15) 11. Bb2 Ndf6 {[#]} (11... e5 $11) 12. Qd3 ({White should try} 12. Bd3 $1 $16) 12... Re8 13. h3 a6 14. Rac1 (14. Rfc1 $14) 14... Bd7 (14... b5 $15 15. Bb3 Bb7) 15. Nce1 (15. a5 $14) 15... Qb8 $2 {[#]} ({Black should play} 15... Bxb4 $11 16. Qd1 Qa5) 16. Qb3 $2 (16. Qc2 $1 $16) 16... b5 (16... a5 $11) 17. Bd3 $16 bxa4 18. Qxa4 Qxb4 ({Better is} 18... c5 $15 19. Qc2 Qxb4) 19. Qxb4 (19. Qc2 $14 c5 20. Bxe4 Nxe4 21. Qxe4 Qxb2 22. Nd3) 19... Bxb4 $11 20. Ne5 Nd2 $36 {[%mdl 2048] Hoping for ...Reb8. Black is pushing.} 21. Nxc6 $2 {[%mdl 8192] Black converts the advantage convincingly.} (21. Nc2 $11 Be7 22. Rfe1 (22. Nxd7 Nxd7 23. Rfd1 Nb3 $15)) 21... Bxc6 $19 ({Less strong is} 21... Nxf1 22. Nxb4 Nd2 23. Nxa6 $15) 22. Rxc6 Nxf1 23. Bxf1 $2 (23. Kxf1 Reb8 24. Bc1) 23... Bxe1 24. Rc2 Rec8 25. Re2 Ba5 26. f3 Rab8 27. Kf2 Rb3 28. Ba1 Rcb8 29. d5 Nxd5 30. Be5 R8b5 31. Bd4 Bb6 {White must now prevent ...Bxd4.} 32. Be5 Bxe3+ 33. Kg3 Bh6 34. Kh2 f6 35. Bd6 e5 36. Re4 Nf4 37. Bxb5 axb5 38. Bb4 Kf7 39. Bd2 Ke6 40. Bxf4 Bxf4+ {[%mdl 4096] Endgame KRB-KR} 41. g3 Rb2+ 42. Kg1 Bd2 43. Kf1 b4 44. Rc4 Bc3 45. g4 Rb1+ 46. Ke2 Rb2+ $2 (46... Bd4 $19 47. f4 Rb2+ 48. Kf1 Rf2+ 49. Ke1 b3) 47. Kd3 $2 {[%mdl 8192]} (47. Kf1 $11 Bd4 48. Rc7) 47... Rf2 48. Ke3 Rh2 (48... Bd4+ $142 49. Ke4 b3 50. Rc6+ Kd7 51. Rc1 b2 52. Rd1 Rc2 53. Rb1 Rc1 54. Rxb2 Bxb2 55. Ke3 Bd4+ 56. Kd3 Rc3+ 57. Ke2 g5 58. Kd1 Rxf3 59. Kd2 e4 60. Kc2 Rf2+ 61. Kb3 e3 62. Kb4 e2 63. Kb5 e1=Q 64. Kc4 Qc3+ {[%mdl 64] Double Attack} 65. Kd5 Bc5 66. Ke4 Qf3#) 49. Rc8 Rxh3 50. Re8+ Kf7 51. Ra8 Bd4+ 52. Ke4 b3 53. Rb8 Kg6 (53... b2 $142 54. f4 Ke6 55. Re8+ Kd6 56. Rb8 g6 57. Rd8+ Kc7 58. Rb8 Kxb8 59. Kd5 b1=Q 60. Ke6 exf4 61. Ke7 Qb7+ 62. Ke8 Bc5 63. Kd8 Qe7#) 54. Rb7 b2 55. Rb3 b1=Q+ (55... Rh1 $142 56. Rxb2 Bxb2 57. Ke3 Bd4+ 58. Kd3 Rf1 59. Kc4 Rxf3 60. Kd5 Rc3 61. Ke6 Rc5 62. Ke7 e4 63. g5 e3 64. Ke6 fxg5 65. Ke7 e2 66. Ke6 e1=Q+ 67. Kd7 Bf6 68. Kd6 Qe7#) 56. Rxb1 {Black is clearly winning.} Rh2 57. f4 Rg2 58. f5+ Kf7 59. Kd5 {[%mdl 32768] Accuracy: White = 24%, Black = 22%. . Sensor Board Error (Ke4/e5)?} 1-0

[Event "Stay Safe Play From Home 349"]
[Site "Emanuel Lasker Arena"]
[Date "2020.08.02"]
[Round "5"]
[White "Trotsky"]
[Black "Haris kollari 13"]
[Result "1-0"]
[WhiteElo "1587"]
[BlackElo "1714"]
[Annotator "NA"]
[PlyCount "63"]
[EventDate "2020.08.02"]
[EventType "swiss (blitz)"]

1. d4 {[%emt 0:00:01]} e6 {[%emt 0:00:00]} 2. e3 {[%emt 0:00:00]} d5 {[%emt 0:00:00]} 3. c4 {[%emt 0:00:01]} c6 {[%emt 0:00:01]} 4. Nc3 {[%emt 0:00:01]} f5 {[%emt 0:00:01]} 5. Nf3 {[%emt 0:00:01]} Nf6 {[%emt 0:00:01]} 6. Qc2 {[%emt 0:00:01]} Bd6 {[%emt 0:00:01]} 7. Bd3 {[%emt 0:00:01]} Qe7 {[%emt 0:00:01]} 8. c5 {[%emt 0:00:00]} Bc7 {[%emt 0:00:01]} 9. Bd2 {[%emt 0:00:01]} O-O {[%emt 0:00:01]} 10. O-O-O {[%emt 0:00:01]} b6 {[%emt 0:00:01]} 11. Ng5 {[%emt 0:00:01]} bxc5 {[%emt 0:00:02]} 12. h4 {[%emt 0:00:01]} h6 {[%emt 0:00:01]} 13. f3 {[%emt 0:00:05]} c4 {[%emt 0:00:03]} 14. Be2 {[%emt 0:00:03]} a5 {[%emt 0:00:01]} 15. g4 {[%emt 0:00:01]} hxg5 {[%emt 0:00:02]} 16. hxg5 {[%emt 0:00:01]} Nfd7 {[%emt 0:00:02]} 17. Rh3 {[%emt 0:00:04]} g6 {[%emt 0:00:04]} 18. Rdh1 {[%emt 0:00:01]} Kf7 {[%emt 0:00:07]} 19. Rh7+ {[%emt 0:00:02]} Ke8 {[%emt 0:00:01]} 20. Rxe7+ {[%emt 0:00:01]} Kxe7 {[%emt 0:00:00]} 21. Rh7+ {[%emt 0:00:01]} Kd8 {[%emt 0:00:01]} 22. gxf5 {[%emt 0:00:01]} exf5 {[%emt 0:00:01]} 23. e4 {[%emt 0:00:01]} dxe4 {[%emt 0:00:01]} 24. fxe4 {[%emt 0:00:01]} fxe4 {[%emt 0:00:02]} 25. Nxe4 {[%emt 0:00:01]} Nb6 {[%emt 0:00:04]} 26. d5 {[%emt 0:00:02]} cxd5 {[%emt 0:00:05]} 27. Nf6 {[%emt 0:00:01]} Bf5 {[%emt 0:00:02]} 28. Bd3 {[%emt 0:00:03]} Be6 {[%emt 0:00:06]} 29. Bxc4 {[%emt 0:00:09]} Nxc4 {[%emt 0:00:02]} 30. Qxg6 {[%emt 0:00:01]} Nc6 {[%emt 0:00:02]} 31. Nxd5 {[%emt 0:00:04]} Bxd5 {[%emt 0:00:02]} 32. Qg7 {[%emt 0:00:01] Time (Lag: Av=0.35s, max=0.6s) '} 1-0

[Event "Stay Safe Play From Home 349"]
[Site "Emanuel Lasker Arena"]
[Date "2020.08.02"]
[Round "6"]
[White "AChessPlayer"]
[Black "NTBT_DHS"]
[Result "0-1"]
[WhiteElo "2417"]
[BlackElo "2575"]
[Annotator "TA"]
[PlyCount "82"]
[EventDate "2020.08.02"]
[EventType "swiss (blitz)"]

{[%evp 9,82,-18,-5,-17,-9,-10,8,-10,-16,-78,2,0,0,-10,37,60,247,233,291,286,351,361,375,369,356,240,625,599,699,528,549,540,641,596,1154,1151,1112,1076,1029,972,921,653,653,647,639,166,136,-1050,-748,-1024,-1682,-1434,-1463,-1421,-1279,-1128,-1121,-2599,-2147,-5800,-5942,-6612,-6429,-29983,-29984,-29991,-29989,-29990,-29988,-29989,-29990,-29990,-29991,-29991,-29992]} 1. Nf3 d5 2. g3 Nf6 3. Bg2 c5 4. O-O Nc6 5. c4 d4 6. e3 {A30: Symmetrical English: Double Fianchetto and Hedgehog.} e5 7. exd4 exd4 8. Re1+ {The position is equal.} Be7 {[#]} 9. b4 $146 (9. d3 $11 {remains equal.}) ({Predecessor:} 9. d3 O-O 10. Bf4 Bd6 11. Bg5 Bf5 12. Nh4 Bd7 13. Nd2 h6 14. Bxf6 gxf6 15. Qh5 Kg7 16. Bxc6 bxc6 17. Ne4 {1-0 (42) Jakovenko,D (2704)-Nguyen,N (2629) Doha 2016}) 9... O-O (9... Nxb4 $17 10. d3 O-O) 10. b5 Nb4 11. d3 {Hoping for a3.} Bf5 12. Ne5 {aiming for a3.} Nd7 $2 {[#]} (12... a6 $14) 13. a3 $1 $18 {[%cal Ra3b4]} ({Not} 13. Bxb7 Bf6 $11) 13... Nxe5 14. Rxe5 Bxd3 {Threatening ...Bc2.} 15. axb4 Bxc4 16. bxc5 {[%cal Bb4c5,Bc5c6,Bc6b7][%mdl 32]} Bxb5 17. Bxb7 Rb8 $2 (17... Qc7) 18. c6 a6 19. Rxe7 Qxe7 20. Ba3 {[%mdl 64] [#] Skewer} Qe4 21. Bxf8 Rxb7 22. cxb7 Bc6 23. f3 $1 {[%cal Rf3e4]} Qe3+ 24. Kg2 Bxb7 25. Nd2 Kxf8 26. Nf1 Qc3 {Now ...Bxf3+ and Black clings on.} 27. Rc1 $2 (27. Rb1 Bd5 28. Rb8+ Ke7 29. Qe2+ {[%mdl 64] Double Attack} Kf6 30. Rb6+ {[%mdl 64] Double Attack} Be6 31. Qe4) 27... Bxf3+ 28. Kf2 $2 {[%mdl 8192]} (28. Qxf3 $16 Qxc1 29. Qa8+ {[%mdl 64] Double Attack} Ke7 30. Qa7+ (30. Qxa6 Qc2+ 31. Kf3 Qf5+ 32. Kg2 Qe4+ 33. Kf2 Qf5+ 34. Kg1 Qe4 $16) 30... Ke8 31. Qxd4) 28... Bxd1 $19 29. Rxc3 dxc3 {[%mdl 4096] Endgame KB-KN} 30. Ke1 c2 31. Kd2 a5 32. Ne3 a4 33. Nc4 f5 34. h4 h6 35. Kc1 g5 36. hxg5 hxg5 {Black mates.} 37. Nd6 f4 38. gxf4 gxf4 39. Ne4 a3 {[%cal Ba4a3,Ba3a2][%mdl 32]} 40. Nf2 f3 41. Nd3 a2 {What a bad dream for White. Accuracy: White = 52%, Black = 59%.} 0-1

[Event "Stay Safe Play From Home 349"]
[Site "Emanuel Lasker Arena"]
[Date "2020.08.02"]
[Round "6"]
[White "Uber_WING"]
[Black "BrainThinker22"]
[Result "0-1"]
[WhiteElo "2371"]
[BlackElo "2430"]
[Annotator "NA"]
[PlyCount "40"]
[EventDate "2020.08.02"]
[EventType "swiss (blitz)"]

1. e4 {[%emt 0:00:01]} c5 {[%emt 0:00:00]} 2. Nf3 {[%emt 0:00:00]} d6 {[%emt 0:00:00]} 3. Bb5+ {[%emt 0:00:01]} Bd7 {[%emt 0:00:02]} 4. Bxd7+ {[%emt 0:00:00]} Nxd7 {[%emt 0:00:00]} 5. d4 {[%emt 0:00:00]} cxd4 {[%emt 0:00:01]} 6. Qxd4 {[%emt 0:00:00]} a6 {[%emt 0:00:01]} 7. Nc3 {[%emt 0:00:00]} Ngf6 {[%emt 0:00:00]} 8. O-O {[%emt 0:00:00]} g6 {[%emt 0:00:00]} 9. Be3 {[%emt 0:00:00]} Bg7 {[%emt 0:00:01]} 10. Rad1 {[%emt 0:00:00]} O-O {[%emt 0:00:00]} 11. Rfe1 {[%emt 0:00:00]} Rc8 {[%emt 0:00:01]} 12. h3 {[%emt 0:00:00]} Qa5 {[%emt 0:00:00]} 13. Qd2 {[%emt 0:00:00]} Rfd8 {[%emt 0:00:01]} 14. Qe2 {[%emt 0:00:00]} Rxc3 {[%emt 0:00:03]} 15. bxc3 {[%emt 0:00:01]} Nxe4 {[%emt 0:00:00]} 16. Bg5 {[%emt 0:00:00]} Nxg5 {[%emt 0:00:02]} 17. Nxg5 {[%emt 0:00:00]} Qxg5 {[%emt 0:00:00]} 18. Qxe7 {[%emt 0:00:00]} Qxe7 {[%emt 0:00:01]} 19. Rxe7 {[%emt 0:00:00]} Nc5 {[%emt 0:00:00]} 20. Rxb7 {[%emt 0:00:00]} Nxb7 {[%emt 0:00:01] Uber_WING resigns (Lag: Av=1.03s, max=1.9s)} 0-1

[Event "Stay Safe Play From Home 349"]
[Site "Emanuel Lasker Arena"]
[Date "2020.08.02"]
[Round "6"]
[White "Mepe_Nika"]
[Black "little champs"]
[Result "1-0"]
[WhiteElo "2352"]
[BlackElo "2158"]
[Annotator "TA"]
[PlyCount "153"]
[EventDate "2020.08.02"]
[EventType "swiss (blitz)"]

{[%evp 9,152,20,31,15,43,10,39,5,41,27,41,0,0,0,0,-43,11,0,4,12,68,48,118,72,82,0,0,0,69,-21,78,86,87,79,87,59,79,64,60,15,68,35,69,25,18,20,38,4,4,0,0,0,0,0,0,0,36,0,28,22,116,28,175,0,106,0,78,27,112,112,305,295,12818,12818,12818,718,256,0,12814,12812,12813,12816,12802,6207,6115,5185,12798,6199,12821,12818,29970,0,29976,29978,29980,29981,29981,29980,29980,29981,29981,29982,29982,29980,29988,29989,29989,29990,29990,29991,29991,29992,29993,29994,29994,29993,29993,29991,29991,29989,29989,29989,29989,29990,29990,29991,29991,29992,29992,29993,29993,29994,29995,29995,29996,29995,29995,29996,29997,29997,29997,29998,29998,29999,29999]} 1. d4 e6 2. Bf4 d6 3. e3 Nf6 4. c4 Be7 5. Nc3 O-O 6. Nf3 {A40: Unusual replies to 1 d4.} b6 7. Bd3 Bb7 8. O-O {White is slightly better.} Nbd7 9. Qc2 {[#]} c5 $146 ({Predecessor:} 9... Re8 10. Rac1 Nf8 11. Rfd1 Nh5 12. Bg3 Bxf3 13. gxf3 Bh4 14. Kh1 Nxg3+ 15. fxg3 Be7 16. Be4 Rc8 17. Bc6 Nd7 18. Qa4 b5 19. Nxb5 Nb6 {1-0 (19) Borowik,W (1379)-Pertaia,N Batumi 2016}) 10. Nd2 cxd4 11. exd4 Rc8 12. b3 e5 (12... Nb8 $15) 13. Be3 exd4 14. Bxd4 Ne5 (14... g6 $11) 15. Rad1 Qc7 ({Black should play} 15... Nxd3 $14 16. Qxd3 Qd7) 16. Nde4 {Threatens to win with Nxf6+.} Nxd3 17. Qxd3 (17. Nxf6+ $1 $16 Bxf6 18. Qxd3) 17... Nxe4 $11 18. Nxe4 Qc6 (18... d5 $11 19. cxd5 Bxd5) 19. f3 (19. Qg3 $14 f6 20. Nc3) 19... f5 (19... d5 $11 20. cxd5 Qxd5) 20. Nc3 $36 {[%mdl 2048] Keeping Black busy.} Qd7 21. Rfe1 Rfd8 22. Re2 Re8 23. Rde1 Bf8 24. Be3 g6 (24... d5 $11) 25. Bc1 {And now Nd5 would win.} Bg7 26. Bb2 (26. Bf4 {is interesting.} Rxe2 27. Rxe2 Bc6 28. Qd2 Bxc3 29. Qxc3 d5 30. Kf2) 26... Rxe2 27. Qxe2 d5 {Threatening ...dxc4.} 28. Nxd5 Bxd5 29. cxd5 Bxb2 30. Qxb2 Qxd5 $14 {[%mdl 4096] Endgame KQR-KQR} 31. h3 (31. Kh1 {with more complications.} Qd6 32. Qe2 Rd8 33. Qc4+ Kg7 34. g3) 31... Qc5+ 32. Kh1 Qc3 33. Qe2 Qc7 34. Qe6+ Kh8 (34... Kg7 $11) 35. Qf6+ (35. Rd1 $1 $16) 35... Qg7 (35... Kg8 $1 $11) 36. Qe6 $2 ({Better is} 36. Qd6 $18) 36... Rf8 (36... Qc7 $11) 37. a4 (37. Qd6 $1 $16) 37... g5 (37... Qc7 $11) 38. Re5 (38. b4 $16) 38... g4 (38... Qf6 $11 {keeps the balance.}) 39. Rxf5 $16 Rxf5 $2 (39... gxf3 $16 {was called for.} 40. Rxf8+ (40. Rxf3 Rxf3 41. gxf3 Qb2 $16) 40... Qxf8) 40. Qxf5 $18 gxf3 $2 $16 {KQ-KQ} (40... h6 41. Qxg4 (41. fxg4 Qd4 $18) 41... Qf7) 41. Qc8+ $1 $18 Qg8 42. Qc3+ $2 (42. Qxg8+ Kxg8 43. g4 (43. gxf3 Kf7 $16)) 42... Qg7 43. Qc8+ $2 ({Not} 43. Qxf3 Qe7 $16) (43. Qxg7+ Kxg7 44. gxf3) 43... Qg8 {[#]} 44. Qxg8+ $1 Kxg8 45. gxf3 {KP-KP} Kf7 46. Kg2 Ke6 47. Kg3 Kf5 48. b4 a6 49. a5 b5 {[#]} 50. Kf2 $2 (50. f4 $1 {mates} Ke6 51. Kf3 Kd5 52. Ke3 h6 53. Kd3 h5 54. h4 Ke6 55. Kd4) 50... h5 $2 {[%mdl 8192]} (50... Kf4 $11) 51. Ke3 {White mates.} Kg5 52. f4+ Kf5 53. Kf3 h4 54. Ke3 Ke6 55. Ke4 Kf6 56. f5 Kg5 57. Ke5 Kh5 58. Ke6 Kg5 59. f6 Kf4 60. f7 Kg3 61. f8=Q Kxh3 62. Qd6 Kg2 63. Qxa6 h3 64. Qxb5 h2 65. Qh5 h1=Q 66. Qxh1+ Kxh1 {KP-KP} 67. a6 Kg2 68. a7 Kf3 69. a8=Q+ Ke2 70. b5 Kd1 71. b6 Kc1 72. Qa4 Kd2 73. b7 Ke1 74. b8=Q Kf2 75. Qbb3 Kg1 76. Qaa2 {[%cal Rb3d1]} Kf1 77. Qbb1# {Accuracy: White = 57%, Black = 46%.} 1-0

[Event "Stay Safe Play From Home 349"]
[Site "Emanuel Lasker Arena"]
[Date "2020.08.02"]
[Round "6"]
[White "Nuktotitakoi"]
[Black "SoulofWolf"]
[Result "1-0"]
[WhiteElo "2321"]
[BlackElo "2050"]
[Annotator "TA"]
[PlyCount "39"]
[EventDate "2020.08.02"]
[EventType "swiss (blitz)"]

{[%evp 14,39,67,60,535,131,593,594,591,590,666,658,587,513,503,497,696,650,680,576,640,505,617,582,29987,29988,29993,2795]} 1. e4 c5 2. Nc3 e6 3. Nf3 a6 4. d4 cxd4 5. Nxd4 b5 6. g3 Bb7 7. Bg2 Qc7 8. O-O {[#]} Bd6 $146 {[%mdl 8192] [#] B43: Sicilian: Kan Variation: 5 Nc3.} ({Black should try} 8... Nc6 $14) ({Predecessor:} 8... Nc6 9. Re1 Nxd4 10. Qxd4 d6 11. a4 bxa4 12. Rxa4 Nf6 13. Rc4 Qd7 14. e5 Bxg2 15. exf6 Qb7 16. fxg7 Bh1 17. gxf8=Q+ Rxf8 18. Ne4 Bxe4 19. Qxe4 d5 20. Rb4 {1-0 (20) Espinosa Aranda,A (2506)-Bruedigam,M (2386) chess.com INT 2020}) 9. Re1 $2 (9. Ndxb5 $1 $18 {[%mdl 512] has better winning chances.} axb5 10. Nxb5 {[%mdl 64] Double Attack} Bxg3 11. Nxc7+ Bxc7 12. a4) 9... Ne7 $2 {[%mdl 8192] [#]} (9... Bc5 $16 {is tougher.} 10. Nb3 Bd6) 10. Ndxb5 $1 $18 {[%mdl 512]} axb5 {White is clearly winning.} 11. Nxb5 {[%mdl 64] Double Attack} Qb6 {White must now prevent ...Bc5.} 12. Nxd6+ Kf8 13. Nxb7 Qxb7 14. e5 Nec6 (14... Nbc6 $142 15. a4 Qc7) 15. Qd6+ Kg8 16. b3 h6 17. Re4 Ra6 18. Rf4 Nb4 {[#]} 19. Qe7 $1 f5 20. Bxb7 {Black did not feel at home in the position after the opening. Accuracy: White = 56%, Black = 13%.} (20. exf6 $142 d5 21. Qxb7 gxf6 22. Rg4+ Kf8 23. Rg7 Nd7 24. Rxd7 Nc6 25. Qc8+ Nd8 26. Qxd8#) 1-0

[Event "Stay Safe Play From Home 349"]
[Site "Emanuel Lasker Arena"]
[Date "2020.08.02"]
[Round "6"]
[White "TheCHESSHOUSE"]
[Black "Trotsky"]
[Result "0-1"]
[WhiteElo "2086"]
[BlackElo "1610"]
[Annotator "TA"]
[PlyCount "64"]
[EventDate "2020.08.02"]
[EventType "swiss (blitz)"]

{[%evp 9,63,-14,-4,-7,73,38,33,-3,49,45,245,239,365,371,393,354,362,356,405,393,369,256,542,264,464,243,627,-17,201,-339,721,285,295,296,669,654,650,645,702,686,666,477,1683,1681,2033,2024,5502,5202,2402,2081,6993,4387,29987,2119,29991,-29999]} 1. d4 d5 2. c4 e6 3. g3 c5 4. dxc5 Bxc5 5. Bg2 Nc6 6. Nf3 {[#] D30: Queen's Gambit Declined: Systems without Nc3.} Qc7 $146 (6... Nf6 $11) ({Predecessor:} 6... Nf6 7. O-O O-O 8. a3 dxc4 9. Qc2 b5 10. b3 Ba6 11. bxc4 bxc4 12. e3 Rc8 13. Rd1 Qb6 14. Nbd2 Rfd8 15. Bb2 Nd5 16. Ng5 {1-0 (52) Nelson,O (1966)-Milewska,A (1778) Hull 2018}) 7. O-O Nf6 8. Nbd2 {White is slightly better.} Bd7 ({Black should try} 8... O-O $11) 9. a3 $14 O-O-O $2 (9... O-O $14) 10. b4 $18 Bd6 (10... Be7 $142 11. Bb2 Kb8) 11. Bb2 Ng4 12. Bxg7 Rhg8 13. Bb2 h5 14. cxd5 exd5 15. Rc1 {[#] Black must now prevent b5.} f6 $2 (15... a6 {might work better.} 16. Qb3 Kb8) 16. Nh4 (16. b5 $142) 16... Kb8 $2 (16... Nxh2 {was worth a try.} 17. b5 (17. Kxh2 Bxg3+ 18. fxg3 Qxg3+ 19. Kg1 Qxh4 $18) (17. Bxf6 Rdf8 $18) 17... Nxf1) 17. Bxd5 (17. b5 $142) 17... f5 $2 (17... Nxh2 18. Kxh2 (18. Bxg8 Bxg3 19. Ng2 Bh3 $14) 18... Bxg3+ 19. Kh1 Bxh4) 18. f4 $2 (18. Bxg8 $18 Rxg8 19. b5) 18... Qb6+ $2 (18... Ne3 $11 19. Qb3 Nxd5 20. Qxd5 Bxf4) 19. Kg2 $4 {[%mdl 8192]} (19. Kh1 $18 {is the narrow road to win.} Rge8 20. Qe1) 19... Nd4 $4 {[%mdl 8192]} (19... Ne3+ $19 20. Kh1 Nxd1 21. Rfxd1 Rge8) 20. Bxd4 $2 (20. Nc4 Qa6 21. Bxg8) 20... Qxd4 21. Nc4 {[%mdl 64] [#] Discovered Attack} Ne3+ $2 (21... Qh8 22. Bxg8 Bc6+ 23. Bd5 Bc7) 22. Nxe3 Qxe3 23. Rf3 Qe7 24. Bxg8 Rxg8 25. Qd5 Bc6 (25... Be6 $142 26. Qd4 Rd8) 26. Qxg8+ Kc7 27. Qc4 Kb6 28. Qd4+ Kc7 29. Qd3 b6 30. Kg1 Kb7 31. Re3 (31. Nxf5 $142 Bc5+ 32. bxc5 Qc7 33. Nd6+ Ka8 34. e4 b5 35. Nxb5 Qc8 36. Nd6) 31... Qe4 32. Nxf5 $4 {[%mdl 8192]} (32. Rxe4 {was the only winning move.} Bc5+ 33. bxc5 fxe4 34. Qd6 Bb5 35. c6+ Ka6 36. c7 Bd7 37. Qxd7 Ka5 38. c8=Q e3 39. Qxa7+ Kb5 40. Qf5#) 32... Qg2# {Accuracy: White = 31%, Black =  7%.} 0-1

[Event "Stay Safe Play From Home 349"]
[Site "Emanuel Lasker Arena"]
[Date "2020.08.02"]
[Round "6"]
[White "Padmaesh M K"]
[Black "SelamiSahin"]
[Result "0-1"]
[WhiteElo "1879"]
[BlackElo "2136"]
[Annotator "TA"]
[PlyCount "108"]
[EventDate "2020.08.02"]
[EventType "swiss (blitz)"]

{[%evp 9,107,45,210,31,28,27,29,29,19,39,39,44,68,70,71,66,61,47,96,89,100,50,91,90,81,72,126,83,94,77,55,51,62,39,52,39,51,23,24,24,28,28,28,19,29,21,52,23,33,6,6,6,6,4,12,-585,-575,-549,-549,-1149,-1134,-1119,-1092,-29962,-6732,-29980,-29981,-29981,-29982,-29981,-29982,-29981,-29982,-29986,-29987,-29987,-29987,-29987,-29988,-29989,-29989,-29990,-29991,-29991,-29992,-29993,-29993,-29996,-29994,-29994,-29993,-29993,-29994,-29994,-29995,-29997,-29997,-29998,-29999,-29999]} 1. Nf3 c6 2. d4 d6 3. c4 d5 4. Nc3 Nf6 5. cxd5 {[#]} g6 $146 {[#]} ({Better is} 5... cxd5 $14 6. Bg5 Ne4) ({Predecessor:} 5... Nxd5 6. e4 Nxc3 7. bxc3 Bg4 8. Be2 e6 9. O-O Be7 10. Be3 O-O 11. h3 {½-½ (11) Beno,K (1924)-Barta,C (1856) Budapest 2012}) 6. e3 $2 {A41: 1 d4 d6: Tartakower System and Modern Defence.} ({White has to play} 6. dxc6 $1 $18 bxc6 7. e4) 6... cxd5 $14 7. Bd3 Bg7 8. O-O {White has an edge.} O-O 9. Ne5 Nbd7 10. f4 e6 11. b3 a6 12. Ba3 Re8 13. Na4 Nxe5 14. fxe5 Nd7 15. Nc5 Nxc5 16. Bxc5 b6 17. Bd6 Bb7 (17... Ra7 $142) 18. Rc1 {And now Rc7 would win.} Rc8 19. Qd2 Qd7 20. Rxc8 Rxc8 21. Rc1 Rc6 22. Rxc6 Qxc6 23. Qc2 Qxc2 24. Bxc2 $11 {[%mdl 4096] Endgame KBB-KBB} Bf8 25. Bc7 b5 26. Bd3 Ba3 27. Kf2 h5 28. h3 Kf8 29. g4 hxg4 30. hxg4 Ke7 31. Ke2 Bb4 32. Ba5 $2 {[%mdl 8192] Loses the game.} (32. Kd1 $11 {and White has nothing to worry.}) 32... Bxa5 $19 33. a3 Bc3 34. b4 Bb2 35. a4 bxa4 36. Bb1 Bc3 37. Ba2 Bxb4 {Black mates.} 38. Kd3 Bc6 39. Kc2 Bb5 40. g5 Bc4 41. Bb1 a3 42. Kc1 a2 43. Bxa2 Bxa2 44. Kc2 Bc4 45. Kb2 a5 46. Kc2 a4 47. Kb2 a3+ 48. Ka1 a2 {[%cal Rb4c3]} 49. Kb2 {[#]} Bc3+ $1 {[%mdl 64] Deflection, Decoy, Promotion} 50. Kxc3 a1=Q+ 51. Kc2 Qa2+ 52. Kd1 Qe2+ 53. Kc1 Bd3 {[%csl Gd3][%cal Re2c2]} 54. e4 Qc2# {Accuracy: White = 57%, Black = 84%.} 0-1

[Event "Stay Safe Play From Home 349"]
[Site "Emanuel Lasker Arena"]
[Date "2020.08.02"]
[Round "6"]
[White "Haris kollari 13"]
[Black "Moasco"]
[Result "1-0"]
[WhiteElo "1691"]
[BlackElo "1393"]
[Annotator "NA"]
[PlyCount "37"]
[EventDate "2020.08.02"]
[EventType "swiss (blitz)"]

1. e4 {[%emt 0:00:01]} e5 {[%emt 0:00:02]} 2. f4 {[%emt 0:00:01]} exf4 {[%emt 0:00:01]} 3. Nf3 {[%emt 0:00:00]} g5 {[%emt 0:00:03]} 4. Bc4 {[%emt 0:00:01]} Nc6 {[%emt 0:00:03]} 5. O-O {[%emt 0:00:01]} Bg7 {[%emt 0:00:03]} 6. c3 {[%emt 0:00:03]} d6 {[%emt 0:00:03]} 7. d4 {[%emt 0:00:01]} h6 {[%emt 0:00:04]} 8. b4 {[%emt 0:00:01]} Be6 {[%emt 0:00:04]} 9. d5 {[%emt 0:00:01]} Bxd5 {[%emt 0:00:02]} 10. exd5 {[%emt 0:00:01]} Na5 {[%emt 0:00:02]} 11. Re1+ {[%emt 0:00:01]} Kf8 {[%emt 0:00:03]} 12. bxa5 {[%emt 0:00:01]} b5 {[%emt 0:00:04]} 13. axb6 {[%emt 0:00:03]} axb6 {[%emt 0:00:02]} 14. Bb3 {[%emt 0:00:01]} Ra5 {[%emt 0:00:05]} 15. Bb2 {[%emt 0:00:01]} Qf6 {[%emt 0:00:05]} 16. Qc2 {[%emt 0:00:03]} Rc5 {[%emt 0:00:05]} 17. Re2 {[%emt 0:00:04]} Rxc3 {[%emt 0:00:07]} 18. Bxc3 {[%emt 0:00:02]} Qxc3 {[%emt 0:00:02]} 19. Qxc3 {[%emt 0:00:01] TimeB} 1-0